Statistics for The Phantom Tollbooth Quiz (Instructions)

Click here to take the quiz!

General Stats

  • This quiz has been taken 11 times
  • The average score is 8 of 35

Answer Stats

HintAnswer% Correct
The main character of the book. A boy who is always bored.Milo
90%
The sidekick watchdogTock
80%
The lavish and classy bugHumbug
60%
The Land of BooksDictionopolis
50%
The two girls that were trapped in the cloud prison, and its been awful ever sinceRhyme and Reason
50%
The floating boy in the forestAlec
30%
The man that they meet thereCanby
30%
The Land of NumbersDigitopolis
30%
The bug that has to spell almost everything outSpelling Bee
30%
The area of The Sea of Knowledge where almost all emotion is bannedThe Doldrums
30%
The lady that keeps all the sounds to herselfThe Soundkeeper
30%
The man that says "whether or not there will be weather"The Whether Man
30%
The haggard woman in the prisonThe Which
30%
The man that paints the sunset with his orchestraChroma the Great
20%
The 12 faced man that they meet on their questThe Dodecahedron
20%
The King of the land of numbersThe Mathemagician
20%
The King of the land of booksKing Azaz
10%
The small creatures that live thereLethargians
10%
The small police officerOfficer Shrift
10%
The Kings Advisor 4The Count of Connotation
10%
The Kings Advisor 2The Duke of Definition
10%
The doctor's pet that enjoys bad noisesThe DYNNE
10%
The very dirty birdThe Everpresent Wordsnatcher
10%
The island that looks good on the outside, but isn't.The Island of Conclusions
10%
The land where the biggest, shortest, longest, and widest numbers thriveThe Land of Infinity
10%
The place where letters can be bought and soldThe Marketplace
10%
The Kings Advisor 1The Minister of Meaning
10%
The man at the castle in the airThe Senses Taker
10%
The demon of petty tasksThe Terrible Trivium
10%
The Kings Advisor 5The Undersecretary of Understanding
10%
The boy that was only born with half of his body.58
0%
The doctor that has remedies for good soundsDoctor Dischord
0%
The Kings Advisor 3The Earl of Essence
0%
The big woody area where there are a lot of "sights"The Forest of Sights
0%
The area where no sounds can be heardThe Valley of Sounds
0%

Score Distribution

Percentile by Number Answered

Percent of People with Each Score

Your Score History

You have not taken this quiz